Snelklikker - Statistieken

Algemene statistieken
  • Deze quiz is 59 keer genomen
  • De gemiddelde score is 14 van 35
Antwoordstatistieken
Hint Antwoord % Correct
3 3
85%
B B
85%
F F
85%
I I
85%
A A
81%
4 4
77%
D D
77%
Q Q
73%
6 6
69%
O O
69%
U U
69%
J J
65%
N N
65%
P P
65%
8 8
62%
X X
62%
Y Y
54%
7 7
42%
Z Z
35%
K K
23%
S S
23%
T T
19%
E E
12%
1 1
8%
W W
8%
5 5
4%
9 9
4%
G G
4%
M M
4%
V V
4%
2 2
0%
C C
0%
H H
0%
L L
0%
R R
0%
Geen overeenkomende quizzen gevonden
Scoreverdeling
Procent van Mensen met Elke Score
Percentiel versus Aantal Correcte Antwoorden
Uw Scoregeschiedenis
U heeft deze quiz nog niet genomen